000 00693nam a2200205 i 4500
001 95636
003 ES-MaACL
005 20230906181738.0
007 t|
008 050601s1924 sp ||||1| spa d
100 1 _aLlopis, Rodolfo,
_d1895-1983
_972833
245 1 3 _aLa escuela del porvenir según Angelo Patri /
_cRodolfo Llopis.
260 _aMadrid :
_bEdiciones de La Lectura,
_c1924 (
_eCuenca :
_fTip. El Día de Cuenca)
300 _a171 p. ;
_c19 cm.
490 1 _aCiencia y educación contemporánea ;
_v8
650 0 4 _aEnseñanza.
_912279
830 0 _aCiencia y educación contemporánea ;
_v8
_9232207
852 _aES-MaACL
_jF-4742
_bR.4555
999 _c95636
_d95636